000 00211nam a2200085Ia 4500
008 240625s9999 xx 000 0 und d
041 _aeng
100 _aMICROSOFT
245 _aMICROSOFT OFFICE PROJECT PROFESSIONAL 20
999 _c33545
_d33545